000 00615 a2200205 4500
005 20260507103346.0
008 260506b |||||||| |||| 00| 0 eng d
020 _a9788126939077
_cRs. 995.00
040 _aMAIN
082 _a301.320954
_bS86B
100 _aKrishnamurte, Srinivashan
245 _aBharat mein jansankhya sambandhi mudde: Badalti pravritiyan, neetiyan aur karyakrama
260 _bAtlantic Publishers and Distributors
_c2025
_aNew Delhi
300 _axviii, 308
650 _aSociology
650 _aSocial Behaviour
650 _aPopulation
650 _aDemography - India
942 _cBK
999 _c394149
_d394149